Fundamentals of Solid State Physics (Record no. 3199)

MARC details
000 -LEADER
fixed length control field 00353nam a22001457a 4500
020 ## - INTERNATIONAL STANDARD BOOK NUMBER
International Standard Book Number 978-9385904486
041 ## - LANGUAGE CODE
Language code of text/sound track or separate title ENG
100 ## - MAIN ENTRY--PERSONAL NAME
Personal name Saxena.B.S
245 ## - TITLE STATEMENT
Title Fundamentals of Solid State Physics
250 ## - EDITION STATEMENT
Edition statement Thirty First Edition
260 ## - PUBLICATION, DISTRIBUTION, ETC. (IMPRINT)
Place of publication, distribution, etc Meerut
Name of publisher, distributor, etc Pragati Prakashsn
Date of publication, distribution, etc 2019
650 ## - SUBJECT ADDED ENTRY--TOPICAL TERM
Topical term or geographic name as entry element Physics
700 ## - ADDED ENTRY--PERSONAL NAME
Personal name Gupta.R.C,Mandal.J.N
856 ## - ELECTRONIC LOCATION AND ACCESS
Uniform Resource Identifier Physics
Holdings
Withdrawn status Lost status Source of classification or shelving scheme Damaged status Not for loan Home library Current library Shelving location Date acquired Cost, normal purchase price Total Checkouts Barcode Date last seen Date checked out Price effective from Koha item type
    Dewey Decimal Classification     College of Agricultural Engineering and Technology, Dapoli , Library College of Agricultural Engineering and Technology, Dapoli , Library Book Cart 17/08/2022 595.00 1 008000 06/01/2023 02/01/2023 17/08/2022 Books

Contact Us: College of Agricultural Engineering and Technology, Dapoli, Dist.- Ratnagiri
Website: https://dbskkv.org Email: caetlibrary2015@gmail.com